000 00709nam a2200253Ia 4500
003 OSt
005 20221006151912.0
006 a|||||r|||| 00| 0
007 ta
008 221006b |||||||| |||| 00| 0 jpn d
020 _cY2800
024 _a23,872
037 _bGift, Japan Foundation
_cTextual
040 _aEASL
_cEASL
_bjpn
041 _2jpn
_ajpn
082 _aP42, N1
100 _aKitahara Yasuo Ed.
245 0 _aKoza nihongo to nihongo kyoiku
_b Vol.4=Nihongono bunpo buntai, Pt.1
260 _aTokyo
_bMeiji Shoin
_c1991
300 _a416p.
_ccm.
650 _aJL
942 _hP42, N1
_cTEXL
_2CC
999 _c1091958
_d1091958